000 00257nam a22001217a 4500
008 181001b xxu||||| |||| 00| 0 eng d
041 _aeng
080 _a541
100 _a12
101 _aKIM
245 _aResidue reviews
_cGunther,F.A
942 _2udc
_cBK
999 _c48764
_d48764